000 00639cam a2200205 4500
001 WB3642-22
008 000000n2000 000 0 eng u
035 _a(Sirsi) u108943
245 _aShare crash fear
260 _c2000
490 _aProperty Week
_v65(41) 20 October 2000, 5(1)
520 _aThe collapse of telecoms operators' share prices in the United States has prompted top property investors to warn against investing in internet hotels.
590 _aWB
650 _aINTERNET HOTELS
650 _aUNITED STATES
650 _aINVESTMENT MARKET
650 _aTELECOMS COMPANIES
690 _aINVESTMENT
942 _n0
999 _c65051
_d65051